Element by Picture - Statistics

General Stats
  • This quiz has been taken 13 times
  • The average score is 12 of 16
Answer Stats
Picture Answer % Correct
Beryllium
91%
Germanium
91%
Mercury
91%
Tungsten
91%
Bromine
82%
Actinium
73%
Chromium
73%
Einsteinium
73%
Mendelevium
73%
Nobelium
73%
Rutherfordium
73%
Berkelium
64%
Dubnium
64%
Ruthenium
64%
Tennessine
64%
Neodymium
55%
No matching quizzes found
Score Distribution
Percent of People with Each Score
Percentile by Number Answered
Your Score History
You have not taken this quiz